000 00918nac a22003017a 4500
001 BR7406607
003 BR-BrBNA
005 20240105113822.0
008 230509b bl.|||m| |||| 00| 0 por d
040 _aBR-BrBNA
_bpor
_cBiblioteca Nacional de Agricultura
072 _aP00; F10
090 _aP00 BR7406607
110 1 _aComissao Executiva do Sal, Rio de Janeiro, GB (Brasil)
_92151
245 1 _aPrograma de pesquisas tecnologicas e Programa de estudos tecno-economicos [Chaval, Ceara, Brasil]
260 3 _aRio de Janeiro, GB (Brasil):
_c1974.
300 _a41 p.
490 _aBoletim - Comissao Executiva do Sal (Brazil)
_vno. 9
_x
500 _a30 tables
650 _aSAL
650 _aRECURSO NATURAL
650 _aEXTRACAO
650 _aCLIMA
650 _aMETEOROLOGIA
650 _aCHAVAL
650 _aCEARA
909 _a202312
_bLúcia Elande
_c55
_dLúcia Elande
942 _2AGRIS
_n0
_cMS
999 _c265755
_d265755